000 00519nmm a2200169Ia 4500
008 251105s9999||||xx |||||||||||||||||und||
020 _a9789587711295
041 _aspa
100 _aGarcía, Javier
245 0 _aImpuesto de renta :
_b Las grandes falencias del contribuyente
264 _a[Bogotá, Colombia] :
_bEcoe Ediciones,
_c2014
300 _a376 páginas
490 _aCiencias empresariales
650 _aEconomics and Business
856 _uhttps://public.digitaliapublishing.com/a/47155
942 _cCF
999 _c96152
_d96152